| Tag |
First Indicator |
Second Indicator |
Subfields |
| LEADER |
00000cam a2200000 4500 |
| 001 |
in00003464639 |
| 005 |
20151206104300.0 |
| 008 |
840627s1944 dcu 00000 eng d |
| 035 |
|
|
|a (OCoLC)ocm10890792
|
| 040 |
|
|
|a SOE
|c SOE
|d TNY
|d UtOrBLW
|
| 090 |
|
|
|a QC982
|b .W58 1944
|
| 245 |
0 |
0 |
|a World weather records :
|b collected from official sources /
|c by Felix Exner [and others] Assembled and arranged for publication by H. Helm Clayton.
|
| 264 |
|
1 |
|a Washington :
|b Smithsonian Institution,
|c 1944.
|
| 300 |
|
|
|a xiii, 1199 pages ;
|c 23 cm.
|
| 336 |
|
|
|a text
|b txt
|2 rdacontent
|
| 337 |
|
|
|a unmediated
|b n
|2 rdamedia
|
| 338 |
|
|
|a volume
|b nc
|2 rdacarrier
|
| 490 |
1 |
|
|a Smithsonian miscellaneous collections,
|v 79
|
| 500 |
|
|
|a "All data after the year 1920 appearing in this volume have been revised and reprinted in 'World Weather Records, 1921-1930,' Smithsonian Miscellaneous Collections, volume 90."
|
| 650 |
|
0 |
|a Meteorology
|v Observations.
|
| 700 |
1 |
|
|a Clayton, Henry Helm,
|d 1861-1946.
|
| 700 |
1 |
|
|a Exner, Felix Maria,
|d 1876-1970.
|
| 830 |
|
0 |
|a Smithsonian miscellaneous collections ;
|v 79.
|
| 999 |
|
|
|a MARS
|
| 999 |
f |
f |
|s 3300ad11-d8fa-33e7-ba84-f8f8d2648c3a
|i 303d6a6f-0d12-3042-a4d4-13dd9b6bba13
|t 0
|
| 952 |
f |
f |
|p ric
|a Texas A&M University
|b Rellis Campus
|c Joint Library Facility
|d Remote Storage
|t 0
|e QC982 .W58 1944
|h Library of Congress classification
|i unmediated -- volume
|m 32060000757878
|
| 998 |
f |
f |
|a QC982 .W58 1944
|t 0
|l Remote Storage
|